| 000 | 00461nam a2200181 i 4500 | ||
|---|---|---|---|
| 001 | bg | ||
| 100 | 1 |
_aDmochowski, Zbigniew _d(1931- ). |
|
| 245 | 1 | 0 |
_aPodstawy elektrotechniki / _cZbigniew Dmochowski. |
| 250 | _aWyd. 2 popr. | ||
| 260 |
_aBiałystok, _c1982. |
||
| 650 | 9 | _aElektrotechnika | |
| 655 | _aPodręczniki akademickie | ||
| 040 | _cBPK | ||
| 041 | _apol | ||
| 080 | _a621.3(075.8) | ||
| 942 | _cKS | ||
| 008 | s pl f |000 0 pol | ||
| 999 |
_c21283 _d21283 |
||
| 856 |
_uhttp://koha.tu.koszalin.pl/cgi-bin/koha/opac-detail.pl?biblionumber=21283 _yKatalog online BPK |
||